Word Ladder: John F. Kennedy, Swan Elf Remedy Quiz Stats

 Plays Quiz Updated Aug 28, 2015

Challenge
Share
Tweet
Embed
Score 0/35 Timer 04:00
3 Plays Today
Clue 4-Letter Word % Correct
'Jurassic ____'PARK
98.5%
'If you like ____ coladas'PIÑA
98.3%
She had a little lambMARY
98.2%
Samuel Clemens, better known as ____ TwainMARK
98.1%
Pig meatPORK
98%
Facebook thumbs-upLIKE
97.8%
What a surfer catchesWAVE
97.7%
Buddy actor, ____ FerrellWILL
97.6%
The Berlin ____WALL
97.6%
Swan ____ (Tchaikovsky)LAKE
97.4%
Adult grape drinkWINE
97.2%
CounterfeitFAKE
97.1%
It connects two pointsLINE
97%
Big heapPILE
96.8%
Dog's fetch toyBALL
96.8%
Christian who played BatmanBALE
96.7%
Taxi feeFARE
96.6%
Road Runner's nemesis, ____ E. CoyoteWILE
96.2%
Clue 4-Letter Word % Correct
Golfer's yellFORE
96.1%
Buddy's home: North ____POLE
96%
Project Apollo led the ____ landingMOON
95.9%
Chris ____ of Star TrekPINE
95.6%
New ____, Location of Black Swan and ElfYORK
95.3%
Cow callsMOOS
94.8%
Shrink, like the moonWANE
94.7%
√81NINE
94.7%
Meghan Trainor's 'All About That ____'BASS
94.6%
The corner of a sports diamondBASE
94.6%
JFK was Senator of this state (abbrev.)MASS.
94%
Days of ____ (olden times)YORE
94%
In 1941, JFK joined this US fleetNAVY
93.8%
Like some hair or RufflesWAVY
93.2%
Basic forest growthMOSS
93%
Natalie Portman in Black SwanNINA
92.5%
In a deserted area, there's ____ a soul to be found NARY
92.1%

Today's Daily Dose

You're not logged in!

Compare scores with friends on all Sporcle quizzes.
Join for Free
OR
Log In

You Might Also Like...

Show Comments

Extras

Top Quizzes Today


Score Distribution

Your Account Isn't Verified!

In order to create a playlist on Sporcle, you need to verify the email address you used during registration. Go to your Sporcle Settings to finish the process.

Report this User

Report this user for behavior that violates our Community Guidelines.

Details: